Logo BPK

Biblioteka

Politechniki Koszalińskiej

Laboratorium obróbki skrawaniem : (Rekord nr 38030)

Szczegóły MARC
000 -ETYKIETA REKORDU
podpole kontrolne o stałej długości 00693nam a2200217 i 4500
001 - NUMER KONTROLNY REKORDU
pole kontrolne bg
020 ## - MIĘDZYNARODOWY ZNORMALIZOWANY NUMER KSIĄŻKI - ISBN
ISBN 8387198749
040 ## - ŹRÓDŁO KATALOGOWANIA
Instytucja, która utworzyła rekord BPK
041 0# - KOD JĘZYKA
Kod języka tekstu pl
080 ## - UNIWERSALNA KLASYFIKACJA DZIESIĘTNA - UKD
UKD 621.9(075.8)
920 ## - Międzynarodowy znormalizowany numer książki – ISBN
ISBN 83-87198-74-9
008 - POLE O STAŁEJ DŁUGOŚCI - DANE KONTROLNE
podpole kontrolne o stałej długości s pl f |000 0 pol
245 10 - TYTUŁ/ODPOWIEDZIALNOŚĆ
Tytuł Laboratorium obróbki skrawaniem :
Ciąg dalszy tytułu praca zbiorowa /
Pozostałe elementy strefy tytułu i oznaczenia odpowiedzialności [ćw. oprac. Andrzej Lorenc, Stanisław Midera, Ryszard Wójcik] ; pod red. Bogdana W. Kruszyńskiego ; Politechnika Łódzka.
250 ## - STREFA WYDANIA
Oznaczenie wydania Wyd. 3.
260 ## - STREFA ADRESU WYDAWNICZEGO
Miejsce wydania Łódź :
Nazwa wydawcy/dystrybutora Wydaw. PŁ,
Data publikacji, dystrybucji/powstania dokumentu 1999.
300 ## - STREFA OPISU FIZYCZNEGO
Objętość 88 s. :
Inne cechy fizyczne rys., wykr. ;
Rozmiary 23 cm.
650 #9 - HASŁO PRZEDMIOTOWE W FORMIE NAZWY OGÓLNEJ LUB JEDNOSTKOWEJ
Nazwa ogólna lub geograficzna Skrawanie
655 ## - TERMIN INDEKSOWY - OKREŚLENIE RODZAJU/FORMY DOKUMENTU
Określenie rodzaju/formy dokumentu Podręczniki akademickie
700 1# - HASŁO DODATKOWE - NAZWA OSOBOWA
Nazwa osobowa KRUSZYŃSKI, Bogdan W.
Określenie związku między hasłem a opisywanym materiałem Red.
856 ## - LOKALIZACJA I DOSTĘP DO ELEKTRONICZNYCH DOKUMENTÓW ZDALNYCH
Link (URL) http://koha.tu.koszalin.pl/cgi-bin/koha/opac-detail.pl?biblionumber=38030
Tekst linku Katalog online BPK
942 ## - DODATKOWE ELEMENTY (KOHA)
Typ dokumentu Książka
Egzemplarze
Wycofany Status egzemplarza Uszkodzony Dostępność Lokalizacja stała Lokalizacja bieżąca Miejsce przechowywania Sygnatura Kod kreskowy Typ dokumentu
      Dostępny Biblioteka Politechniki Koszalińskiej Biblioteka Politechniki Koszalińskiej Wypożyczalnia BG 54555 01505450 Książka
© 2023 Biblioteka Politechniki Koszalińskiej :: KOHA